000 00666nam a2200277Ia 4500
005 20260324131356.0
008 008 260324s9999 xx 000 0 eng d
020 _a9781315220819
037 _aEBOOK
040 _aCRL
040 _beng
040 _cCRL
041 _2eng
041 _aeng
084 _qCRL
100 _aH. Lee Willis; Donald Reimert
_91185279
245 0 _aProtective Relaying for Power Generation Systems
260 _bTaylor and Francis
260 _c2006
365 _a
365 _b465
856 _uhttp://www.taylorfrancis.com/books/9781315220819
942 _cEBOOK
999 _c1782361
_d1782361